青山語文 = Aoyama gobun / (Record no. 133211)

MARC details
000 -LEADER
fixed length control field 00947cas a2200265 4500
008 - FIXED-LENGTH DATA ELEMENTS--GENERAL INFORMATION
fixed length control field 140422c19709999ja uu p 0 0jpn
022 0# - INTERNATIONAL STANDARD SERIAL NUMBER
International Standard Serial Number 03898393
040 ## - CATALOGING SOURCE
Original cataloging agency EG-GiCUC
Language of cataloging jap
Transcribing agency EG-GiCUC
050 00 - LIBRARY OF CONGRESS CALL NUMBER
Classification number H8
Item number .A58
092 04 - LOCALLY ASSIGNED DEWEY CALL NUMBER (OCLC)
Classification number 952.005
Item number A638
Edition number 21
099 ## - LOCAL FREE-TEXT CALL NUMBER (OCLC)
Classification number 04
-- 952.005 A638
100 1# - MAIN ENTRY--PERSONAL NAME
Personal name Aoyama Gakuin Daigaku, Tokyo
245 00 - TITLE STATEMENT
Title 青山語文 = Aoyama gobun /
Statement of responsibility, etc. 青山学院大学日本文学会.; Aoyama Gakuin Daigaku. Nihon Bungakkai
246 13 - VARYING FORM OF TITLE
Title proper/short title Aoyama gobun
246 13 - VARYING FORM OF TITLE
Title proper/short title Aoyama journal of Japanese and Japanese literature
260 ## - PUBLICATION, DISTRIBUTION, ETC.
Place of publication, distribution, etc. 青山学院大学日本文学会,
-- Tok̄yo ̄:
Name of publisher, distributor, etc. Aoyamagakuindaigakunihonbungakkai,
Date of publication, distribution, etc. 1970-.
300 ## - PHYSICAL DESCRIPTION
Extent v.;
Dimensions 21 cm.
650 #0 - SUBJECT ADDED ENTRY--TOPICAL TERM
Topical term or geographic name entry element Japan
Form subdivision Periodicals.
710 2# - ADDED ENTRY--CORPORATE NAME
Corporate name or jurisdiction name as entry element Aoyama Gakuin Daigaku.
Subordinate unit Daigakuin.
880 ## - ALTERNATE GRAPHIC REPRESENTATION
a 青山語文.
905 ## - LOCAL DATA ELEMENT E, LDE (RLIN)
Cataloger Jamal
Reviser Cat.
905 ## - LOCAL DATA ELEMENT E, LDE (RLIN)
Reviser Rev.
942 ## - ADDED ENTRY ELEMENTS (KOHA)
Source of classification or shelving scheme Dewey Decimal Classification
Koha item type Books
Holdings
Source of classification or shelving scheme Not for loan Home library Current library Date acquired Full call number Date last seen Koha item type
Dewey Decimal Classification   المكتبة المركزبة الجديدة - جامعة القاهرة قاعة الثقاقات الاجنبية - الدور الثالث 11.02.2024 952.005 A638 23.09.2023 Continuing Resources
Cairo University Libraries Portal Implemented & Customized by: Eng. M. Mohamady Contacts: new-lib@cl.cu.edu.eg | cnul@cl.cu.edu.eg
CUCL logo CNUL logo
© All rights reserved — Cairo University Libraries
CUCL logo
Implemented & Customized by: Eng. M. Mohamady Contact: new-lib@cl.cu.edu.eg © All rights reserved — New Central Library
CNUL logo
Implemented & Customized by: Eng. M. Mohamady Contact: cnul@cl.cu.edu.eg © All rights reserved — Cairo National University Library